Bacon's large scale map of London and suburbs (Record no. 114918)

MARC details
000 -LEADER
fixed length control field 00856cam a22001815a 4500
001 - CONTROL NUMBER
control field L157682
008 - FIXED-LENGTH DATA ELEMENTS--GENERAL INFORMATION
fixed length control field 130227s xxk f 000 0 eng d
035 ## - SYSTEM CONTROL NUMBER
System control number (Sirsi) u157682
041 0# - LANGUAGE CODE
Language code of text/sound track or separate title eng
110 2# - MAIN ENTRY--CORPORATE NAME
Corporate name or jurisdiction name as entry element G. W. Bacon & Co.
9 (RLIN) 6125
245 00 - TITLE STATEMENT
Title Bacon's large scale map of London and suburbs
Remainder of title in eighteen double sheets on the scale of nine inches to a mile : with extensions (reduced scale) on the north to Edmonton and Finchley, and on the south to the Crystal Palace and Wimbledon ... : with a map of twelve miles around London and a map of old London in the reign of Queen Elizabeth.
260 ## - PUBLICATION, DISTRIBUTION, ETC.
Place of publication, distribution, etc. London
Name of publisher, distributor, etc. G.W. Bacon & Co.
Date of publication, distribution, etc. [190-?]
300 ## - PHYSICAL DESCRIPTION
Extent [2] p., [26] col. plates
Other physical details chiefly folded maps
Dimensions 51 cm.
520 ## - SUMMARY, ETC.
Summary, etc. Includes a one-sheet index map to the eighteen large-scale London maps.
651 #4 - SUBJECT ADDED ENTRY--GEOGRAPHIC NAME
Geographic name London
690 ## - LOCAL SUBJECT ADDED ENTRY--TOPICAL TERM (OCLC, RLIN)
Topical term or geographic name as entry element Geomatics
9 (RLIN) 6242
942 ## - ADDED ENTRY ELEMENTS (KOHA)
Suppress in OPAC 0
Holdings
Withdrawn status Lost status Source of classification or shelving scheme Damaged status Not for loan Home library Current library Shelving location Date acquired Total Checkouts Full call number Barcode Date last seen Copy number Price effective from Koha item type
    Dewey Decimal Classification     Historic collection Historic collection Historic collection 27/02/2013   FOLIO 1900 BACON 30078295 06/08/2019 1 06/08/2019 Book